000
00281nam a22001337a 4500
003
SGT
020
_a
9788121932073
082
_a
658.87
_b
SIN
100
_a
SINGH,HARJIT
245
_a
RETAIL MANAGEMENT
260
_b
S.CHAND PUBLICATION
_c
2018
300
_a
871
942
_2
ddc
_c
BK
_0
6
999
_c
16334
_d
16334